书目信息 |
| 题名: |
战地飞鹰
|
|
| 作者: | ;军情视点 编 | |
| 分册: | ||
| 出版信息: | 北京 化学工业出版社 2019 |
|
| 页数: | 261页 | |
| 开本: | 24cm | |
| 丛书名: | 全球武器精选系列 | |
| 单 册: | ||
| 中图分类: | E926.31 , E926.3 | |
| 科图分类: | ||
| 主题词: | 歼击机--介绍--世界 | |
| 电子资源: | ||
| ISBN: | 978-7-122-34649-0 | |
| 000 | 00862nam0 2200253 450 | |
| 001 | 2069826479 | |
| 005 | 20201127192414.61 | |
| 010 | @a978-7-122-34649-0@dCNY88.00 | |
| 100 | @a20191018d2019 em y0chiy50 ea | |
| 101 | 0 | @achi |
| 102 | @aCN@b110000 | |
| 105 | @aa z 000yy | |
| 200 | 1 | @a战地飞鹰@9zhan di fei ying@b专著@e全球作战飞机精选150@f军情视点编 |
| 210 | @a北京@c化学工业出版社@d2019 | |
| 215 | @a261页@c图@d24cm | |
| 225 | 1 | @a全球武器精选系列 |
| 330 | @a本书选取了世界各国研制的150种作战飞机,每种作战飞机均以简洁精炼的文字介绍了研制历史、设计特点及作战性能等方面的知识。 | |
| 517 | 1 | @a全球作战飞机精选150@9quan qiu zuo zhan fei ji jing xuan 150 |
| 606 | 0 | @a歼击机@x介绍@y世界 |
| 690 | @aE926.31@v5 | |
| 690 | @aE926.3@v4 | |
| 711 | 02 | @a军情视点@9jun qing shi dian@4编 |
| 801 | 2 | @aCN@b58marc.cn@c20200108 |
| 905 | @aZUCC@dE926.3@e12 | |
| 战地飞鹰:全球作战飞机精选150/军情视点编.-北京:化学工业出版社,2019 |
| 261页:图;24cm.-(全球武器精选系列) |
| ISBN 978-7-122-34649-0:CNY88.00 |
| 本书选取了世界各国研制的150种作战飞机,每种作战飞机均以简洁精炼的文字介绍了研制历史、设计特点及作战性能等方面的知识。 |
| ● |
| 相关链接 |
|
|
|
正题名:战地飞鹰
索取号:E926.3/12
 
预约/预借
| 序号 | 登录号 | 条形码 | 馆藏地/架位号 | 状态 | 备注 |
| 1 | 871125 | 2000871125 | 第二书库/ [索取号:E926.3/12] | 在馆 | |
| 2 | 871126 | 2000871126 | 第二书库/ [索取号:E926.3/12] | 在馆 | |
| 3 | 871127 | 2000871127 | 第二书库/ [索取号:E926.3/12] | 在馆 |